| 000 | 00482nam a2200169Ia 4500 | ||
|---|---|---|---|
| 001 | 10316 | ||
| 003 | IN-NITTTR | ||
| 005 | 20251114233056.0 | ||
| 008 | 251113s9999||||xx |||||||||||||| ||eng|| | ||
| 040 | _beng | ||
| 040 | _cIN-NITTTR | ||
| 041 | _aeng | ||
| 082 | _a621.3 S51E | ||
| 100 | _aSmith, Craig B. | ||
| 245 | 0 |
_aEfficient electricity use : _b a reference book on energy management for engineers, architects, planners, and managers. / _cSmith, Craig B. |
|
| 942 |
_2ddc _cBK |
||
| 999 |
_c12953 _d12953 |
||